| 000 | 02413nam a22002537a 4500 | ||
|---|---|---|---|
| 003 | Uzh_bibl | ||
| 008 | 260210b |||||||| |||| 00| 0 ukr d | ||
| 020 |
_a978-617-12-9319-9 _c150.00 |
||
| 040 | _bукр. | ||
| 041 |
_2ukr _aukr |
||
| 080 | _a821(520) | ||
| 090 |
_a821(520) _bК 12 |
||
| 100 | _aКавагуті,Тосікадзу | ||
| 245 |
_aДоки не розкриється брехня _cпер.з англ.Н.Гоїн _hТекст |
||
| 260 |
_aХарків _bСімейний Клуб"Клуб Сімейного Дозвілля" _cТекст |
||
| 300 |
_a208 с. _fВ опр. |
||
| 520 | _aажуть, у маленькому кафе «Funiculi Funicula» можна переміститися в часі, якщо забажати... І саме це бажання приводить до нього чотирьох різних людей. Закоханий чоловік із фатальним діагнозом вирішує помандрувати в майбутнє, щоб побачити, яким стане життя коханої без нього... чи все ж таки з ним? Старий детектив шукає змогу повернутися в минуле — для нього це єдиний шанс зробити щасливою свою дружину. А син, що не зміг попрощатися з матір’ю на її похороні, ладен віддати будь-що, аби потрапити в той день, коли вона була ще живою. Так само як і друг загиблого чоловіка, чию доньку він виховував як свою. І тепер у день весілля дівчини він прагне повернути час та подарувати їй можливість побачитися з батьком. Та мандрівки в часі можуть зруйнувати життя. Про це мовчки нагадує жінка, яка незмінно присутня в кафе, — колись вона не зуміла повернутися назад... | ||
| 521 | _aДля широкого кола читачів | ||
| 546 | _aукр. | ||
| 650 | _aЛітературно-художне видання | ||
| 653 |
_aБрехня _aКафе _aДетектив |
||
| 655 | _vроман | ||
| 942 |
_2udc _cBK |
||
| 999 |
_c16761 _d16761 |
||